000 00603nam a2200241Ia 4500
003 OSt
005 20221005113940.0
006 a|||||r|||| 00| 0
007 ta
008 221004b |||||||| |||| 00| 0 mar d
024 _a40933
037 _cTextual
040 _aCRL
_cCRL
_bmar
041 _2mar
_amar
082 _aO155,3M94,41, L6
100 _aFadkey N.C Au.
245 0 _aAllah ho Akabar
260 _c1976
300 _a363p.
_ccm.
650 _aMARATHI LITERATURE
_938000
942 _hO155,3M94,41, L6
_cTEXL
_2cc
999 _c1029833
_d1029833